Statistics for First Countries Alphabetically By Continent

Click here to take the quiz!

General Stats

  • This quiz has been taken 1,516 times
  • The average score is 6 of 6

Answer Stats

ContinentCountry% Correct
Australia/OceaniaAustralia
97%
South AmericaArgentina
96%
AfricaAlgeria
95%
EuropeAlbania
94%
North AmericaAntigua & Barbuda
92%
AsiaAfghanistan
88%

Score Distribution

Percentile by Number Answered

Percent of People with Each Score

Your Score History

You have not taken this quiz